000 00347nam a2200133Ia 4500
008 240624s9999 xx 000 0 und d
041 _aeng
082 _a659.1 TEL
100 _aTELLIS GERARD J
245 _aSAGE HANDBOOK OF ADVERTISING
260 _c2007
_aLondon
_bSage International
300 _axvi, : 491 : p. : cm. ; 25
365 _cGBP
_b38
999 _c23277
_d23277